000 00604cam a2200217 4500
001 B1555
008 090401t1985 xxu||||| |||| 00| 0 eng d
035 _a(Sirsi) u45187
041 _aeng
050 _a332.6324
110 _aJones Lang Wootton
_92909
245 _aReturns to property: analysis of the PPAS database . - Summer 1985
260 _aLondon
_bJones Lang Wootton
_c1985
300 _a11p. : ill.,map ; 30cm.
350 _a0
490 _aJLW Occasional Paper
650 _aPROPERTY INVESTMENT
650 _aPROPERTY PERFORMANCE ANALYSIS SYSTEM
942 _n0
948 _c04/03/1997
999 _c91655
_d91655